Quizzes
Events
Quiz Creation
Community
Videos
Private Events
Remove Ads
Sign In
Join for FREE
Feedback
Dark Mode
Quiz Categories
Sports
Geography
Music
Movies
Television
Just For Fun
Miscellaneous
History
Literature
Language
Science
Gaming
Entertainment
Religion
Holiday
For Kids
Quiz Lab
Recent
Popular Today
Quiz Kudos Today
Editor Picks
Curator Picks
Quizzes by...
Day
Popularity
Type
Ratings
Length
Year
Community
Subscriptions
Recent Discussions
Orange Saloon
Badges
Playlists
Quests
Create
Leaderboards
Showdown
Live 5
Trivia Bingo
Activity
Puzzle Library
Sporcle Events
Private Events
Virtual Trivia
Globe League
Become a Host
Pub Owners
SporcleCon
Opinionation
Our Games
Videos
Blog
Mobile Apps
Partnerships
Remove Ads and Go Orange
Feedback
Geography
Country
Landmarks
City
State
Population
World
Capital
Continent
Flags
Europe
Africa
Asia
South America
North America
Oceania
Border
Canada
United Kingdom
Topography
United States
Geography
Country
Landmarks
City
State
Population
World
Capital
Continent
Flags
Europe
Africa
Asia
South America
North America
Oceania
Border
Canada
United Kingdom
Topography
United States
Random Quiz
Search Sporcle
×
Quiz Lab
Quiz Lab
Geography
Numbers
Type in answers that appear in a list
Type in answers that appear in a list
Classic
Best Score? Go Orange.
Languages in Canada Stats
Can you name the languages spoken most often at home in Canada in 2006 (over 30,000 speakers)?
By
amidabutsu
10m
34 Questions
3,173 Plays
3,173 Plays
3,173 Plays
Comments
Comments
Give Quiz Kudos
Give Quiz Kudos
-
- Ratings
hide this ad
Replay
Link that replays current quiz
Next Quiz
Link to next quiz in quiz playlist
You Got
0%
They Got
Avg Score
60%
Avg Friend Score
Upgrade to see
Score Distribution
Jump to the score distribution portion of the page
Score
0/34
Timer
10:00
0
Plays Today
Numbers
Language
% Correct
17,882,775
English
99.9%
6,817,655
French
99.8%
345,350
Spanish
96.2%
450,570
German
92%
455,040
Italian
89%
133,580
Russian
86.6%
40,200
Japanese
84.8%
219,275
Portuguese
81.2%
261,640
Arabic
80.1%
456,705
Chinese languages (other than Cantonese and Mandarin)
77.1%
211,175
Polish
73%
78,235
Hindi
72.1%
125,575
Korean
72.1%
128,900
Dutch
71.9%
170,955
Mandarin
70.8%
117,285
Greek
68.6%
361,450
Cantonese
66.8%
Numbers
Language
% Correct
141,630
Vietnamese
62.7%
134,500
Ukrainian
55.1%
235,620
Tagalog (Filipino)
54.7%
134,080
Persian (Farsi)
50.5%
78,500
Romanian
50.1%
145,805
Urdu
47.5%
51,665
Serbian
46.3%
73,335
Hungarian
46.1%
367,505
Panjabi (Punjabi)
45.8%
55,330
Croatian
42.3%
45,685
Bengali
38%
115,875
Tamil
34.8%
78,855
Cree
32.1%
53,515
Creole
26.5%
30,130
Armenian
19.6%
81,470
Gujarati
18.6%
32,015
Inuktitut
17%
Quiz Playlist
Details
Report
Send in Message
Add To Playlist
Classic:
Type in answers that appear in a list
Quiz Source
Last Updated: Mar 20, 2017
Quiz Scoreboard
CHALLENGE
Sign Up to Join the Scoreboard
Show All
Scores
Hide
Comments
May contain spoilers
Recently Published
College Basketball Coaching Resumes
by pancakes188
Sports
9m
Billboard Blitz: Fleetwood Mac
by CooCooCachoo
Music
15s
Presidents Visiting Landmarks
by Hejman
History
7m
More to Explore
Quiz From the Vault
Featured Blog Post
Where Did the Easter Bunny Come From?
hide this ad
You Might Also Like...
Tags
Canada Quiz
Numbers Quiz
2006
30 000
home
often
Speaker
spoken
Today's Top Quizzes in Geography
Browse Geography
hide this ad
Today's Top Quizzes in Numbers
Browse Numbers
Top Contributed Quizzes in Geography
1
Countries of the World - No Outlines Minefield
2
Top 25 Cities of France on a map
3
Any capital of a 'B' country per Continent
4
Any capital of a 'C' country per Continent
5
Closest Countries to UK A-Z
6
Any capital of a 'D' country per Continent
7
5-to-1: US Geography No Hints
8
Any capital of an 'E' country per Continent
9
One Thing in Common: United Kingdom
10
Click the Alabama Counties! (Map)
Explore More
Trending Topics
Harry Potter
Disney
Marvel
Anime
NBA
Crossword
Kpop
Puzzle
Soccer
NFL
Pokémon
Song
Country
The Office
WWE
hide this ad
More By:
amidabutsu
Quiz
Plays
Rating
Category
Featured
Created
Religions in Canada
51,681
3.79
Religion
Dec 5, 2009
French departments
10,238
4.53
Geography
Nov 25, 2009
France foreign-born population
4,412
4.51
Geography
Sep 9, 2010
Languages in Canada
3,173
4.42
Geography
Dec 5, 2009
100 most influential women
2,672
4.33
History
Feb 14, 2010
Go to Creator's Profile
Score Distribution
Quiz Creator Spotlight
amidabutsu
Follow
Send a Message
Quizzes Created
-
Created Quiz Play Count
-
More By This Creator
Popular Quizzes Today
1
Find the US States - No Outlines Minefield
2
Find the Countries of Europe - No Outlines Minefield
3
The Countries of the World
4
Find the US States
5
Risky Map Clicking: Biggest States A-Z
6
US States
7
Popular People in 1961
8
Movies - When Are They Set?
More Geography Quizzes
Trillion Dollar Country Search
Published
Trending Quizzes
Risky Map Clicking: Least Populous States A-Z
1-10 Letter G Words
1-10 Letter F Words
Risky Map Clicking: Next State Alphabetically
Click the Washington State Counties! (Map)
Recently Updated
Leaping Animals
pecheneg
Reality TV Shows (A-Z)
bhenderson79
Rickey Henderson's Hall of Fame Teammates
pecheneg
Champions League XIs: Arsenal
pecheneg
Quick Pick: Celebrities in WWE's Hall of Fame
aduchscher
A-Z Keypad Blitz II
pecheneg
Multiple Oscar Actors
pecheneg
Mystery Phrase Blitz: Oscar 'Best Actors'
pecheneg
F. Scott Fitzgerald Novels
LTH
Pick 3 Villains
ddd62291
Trending Topics
Harry Potter
NBA
Anime
Crossword
Disney
Marvel
Kpop
Country
Song
WWE
NFL
The Office
Puzzle
Pokémon
Soccer
Your Account Isn't Verified!
In order to create a playlist on Sporcle, you need to verify the email address you used during registration. Go to your
Sporcle Settings
to finish the process.
Report this User
Report this user for behavior that violates our
Community Guidelines
.
Details:
Send Report
Go to the Sporcle.com Mobile Site →
Comments